• 首页
  • 本馆介绍
  • 公告通知
  • 最新文献
  • 馆藏检索
  • 电子资源
  • 读者导购
  • 参考咨询
  • 我的图书馆
  • 登录
  • 详细信息显示
  • 放入我的书架
  • 预约/预借图书
  • 作者相关作品
  • 分类相关作品
  • 丛书相关作品
  • 出版社相关作品

书目信息

  • 表格格式
  • 工作单格式
  • 卡片格式
题名:
xDSL宽带接入技术
    
 
作者: 韩玲 , 曾志民 编著
分册:  
出版信息: 北京   北京邮电大学出版社  2002
页数: 284页
开本: 26cm
丛书名: 信息通信新技术培训系列
单 册:
中图分类: TN915.142
科图分类:
主题词: 计算机通信网--宽带通信系统--接入网 , 计算机通信网 , 宽带通信系统 , 接入网
电子资源:
ISBN: 7-5635-0593-8
000 00996oam2 2200301 450
001 012007438794
005 20070517120219.68
010    @a7-5635-0593-8@dCNY32.00
100    @a20070509d2002 km y0chiy0120 ea
101 0  @achi
102    @aCN@b110000
105    @ay z 000yy
106    @ar
200 1  @axDSL宽带接入技术@AxDSL kuan dai jie ru ji shu@f韩玲,曾志民等编著@Fhan ling,ceng zhi min deng bian zhu
210    @a北京@c北京邮电大学出版社@d2002
215    @a284页@d26cm
225 2  @a信息通信新技术培训系列
330    @a本书从宽带通信的基础知识入手,对以ADSL为主的DSL技术的基本原理、技术特性、体系结构、发展现状和应用前景做了深入浅出的阐述。
461  0 @12001 @a信息通信新技术培训系列
606 0  @a计算机通信网@x宽带通信系统@x接入网
606 0  @a计算机通信网
606 0  @a宽带通信系统
606 0  @a接入网
690    @aTN915.142@v4
701  0 @a韩玲@Ahan ling@4编著
701  0 @a曾志民@Aceng zhi min@4编著
801  0 @aCN@bRULIN@c20070517
905    @dTN915.142@e70@s8
    
    xDSL宽带接入技术/韩玲,曾志民等编著.-北京:北京邮电大学出版社,2002
    284页;26cm.-(信息通信新技术培训系列)
    
    
    ISBN 7-5635-0593-8:CNY32.00
    本书从宽带通信的基础知识入手,对以ADSL为主的DSL技术的基本原理、技术特性、体系结构、发展现状和应用前景做了深入浅出的阐述。
●
相关链接 在E读中查询图书 在五车中查询图书 在当当中查询图书 在豆瓣中查询图书


正题名:xDSL宽带接入技术     索取号:TN915.142/70         预约/预借

序号 登录号 条形码 馆藏地/架位号 状态 备注
1 0574941   205749412   第二样本阅览室/ [索取号:TN915.142/70] 在馆    
2 0574942   205749421   第三借阅区/ [索取号:TN915.142/70] 在馆    
3 0574943   205749430   第三借阅区/ [索取号:TN915.142/70] 在馆    
4 0574944   205749449   第三借阅区/ [索取号:TN915.142/70] 在馆    
5 0574945   205749458   第三借阅区/ [索取号:TN915.142/70] 在馆    
6 0574946   205749467   第三借阅区/ [索取号:TN915.142/70] 在馆    
7 0574947   205749476   第三借阅区/ [索取号:TN915.142/70] 在馆    
8 0574948   205749485   第三借阅区/ [索取号:TN915.142/70] 在馆    
唐山师范学院图书馆 欢迎您!
大连网信软件有限公司© 版权所有